MPJ express runtime for hadoop yarn (Record no. 13292)

000 -LEADER
fixed length control field 00492nam a22001577a 4500
082 ## - DEWEY DECIMAL CLASSIFICATION NUMBER
Classification number BSCS-1 HAM
100 ## - MAIN ENTRY--PERSONAL NAME
Personal name Hamza Zafar
9 (RLIN) 92437
245 ## - TITLE STATEMENT
Title MPJ express runtime for hadoop yarn
260 ## - PUBLICATION, DISTRIBUTION, ETC.
Place of publication, distribution, etc. Islamabad
Name of publisher, distributor, etc. NUST-SEECS
Date of publication, distribution, etc. 2015
300 ## - PHYSICAL DESCRIPTION
Extent 51p.
Accompanying material Softcopy present
500 ## - GENERAL NOTE
General note Supervisors:Dr. Aamir Shafi, Dr. Asad Waqar Malik
700 ## - ADDED ENTRY--PERSONAL NAME
Personal name Saad Hussain Syed
9 (RLIN) 92438
700 ## - ADDED ENTRY--PERSONAL NAME
Personal name M. Nouman Shahzad
9 (RLIN) 92439
856 ## - ELECTRONIC LOCATION AND ACCESS
Uniform Resource Identifier <a href="http://10.250.8.41:8080/xmlui/handle/123456789/8870">http://10.250.8.41:8080/xmlui/handle/123456789/8870</a>
942 ## - ADDED ENTRY ELEMENTS (KOHA)
Koha item type Project Report
Source of classification or shelving scheme
Holdings
Withdrawn status Lost status Damaged status Not for loan Collection code Permanent Location Current Location Shelving location Date acquired Full call number Barcode Date last seen Price effective from Koha item type
WITHDRAWN         Central Library (CL) Central Library (CL) General Stacks 07/28/2015 BSCS-1 HAM SEECSP01698 07/26/2015 07/26/2015 Project Report
© 2023 Central Library, National University of Sciences and Technology. All Rights Reserved.